[Event "Ontario op"]
[Site "Toronto CAN"]
[Date "2022.05.22"]
[Round "3.13"]
[White "Pramanik, Projjwal"]
[Black "Li, Yunshan"]
[Result "0-1"]
[WhiteElo "2071"]
[BlackElo "2262"]
[PlyCount "76"]
[EventDate "2022.05.21"]
[EventType "swiss"]
[EventRounds "6"]
[EventCountry "CAN"]

1. b3 d5 2. Bb2 Nf6 3. e3 e6 4. f4 c5 5. Nf3 Nc6 6. Bb5 Be7 7. Bxc6+ bxc6 8.
O-O Ba6 9. d3 c4 10. dxc4 dxc4 11. Qxd8+ Rxd8 12. Re1 Bc5 13. Bd4 Bxd4 14. Nxd4
c5 15. Nc6 Rd6 16. Ne5 Ne4 17. Na3 c3 18. Nec4 Rd5 19. Rad1 Ke7 20. Nb1 Bxc4
21. bxc4 Rxd1 22. Rxd1 Rb8 23. a3 Rb2 24. Rc1 Ra2 25. g4 a6 26. Kg2 Nd6 27.
Nxc3 Rxa3 28. Nd1 Nxc4 29. c3 Ra2+ 30. Kg3 Nd2 31. h3 Ne4+ 32. Kh4 h6 33. g5
hxg5+ 34. fxg5 Rg2 35. Ra1 Nxg5 36. Kh5 Ne4 37. Rxa6 Nf6+ 38. Kh4 g5# 0-1

[Event "Ontario op"]
[Site "Toronto CAN"]
[Date "2022.05.22"]
[Round "3.14"]
[White "Talukdar, Rohan"]
[Black "Humphreys, Michael"]
[Result "1/2-1/2"]
[WhiteElo "2454"]
[BlackElo "2331"]
[PlyCount "50"]
[EventDate "2022.05.21"]
[EventType "swiss"]
[EventRounds "6"]
[EventCountry "CAN"]

1. e4 c6 2. d4 d5 3. Nc3 dxe4 4. Nxe4 Bf5 5. Ng3 Bg6 6. h4 h6 7. Nf3 Nd7 8. h5
Bh7 9. Bd3 Bxd3 10. Qxd3 e6 11. Bd2 Ngf6 12. O-O-O Be7 13. Qe2 O-O 14. Nf1 c5
15. g4 cxd4 16. g5 Nd5 17. gxh6 Qb6 18. Rg1 Ba3 19. Rxg7+ Kh8 20. bxa3 Nc3 21.
Rh7+ Kg8 22. Rg7+ Kh8 23. Rh7+ Kg8 24. Rg7+ Kh8 25. Rh7+ Kg8 1/2-1/2

[Event "Ontario op"]
[Site "Toronto CAN"]
[Date "2022.05.22"]
[Round "4.1"]
[White "Plotkin, Mark"]
[Black "Chiku-Ratte, Olivier-Kenta"]
[Result "1-0"]
[WhiteElo "2528"]
[BlackElo "2468"]
[PlyCount "79"]
[EventDate "2022.05.21"]
[EventType "swiss"]
[EventRounds "6"]
[EventCountry "CAN"]

1. d4 Nf6 2. Nc3 d5 3. Bf4 e6 4. e3 Bd6 5. g4 a6 6. Bd3 b5 7. Qf3 Bxf4 8. exf4
Bb7 9. f5 b4 10. Na4 Ne4 11. Ne2 Bc6 12. b3 O-O 13. Rd1 Nd7 14. Ng3 Bxa4 15.
bxa4 Nc3 16. Ra1 Qf6 17. Qe3 c5 18. dxc5 Nxa4 19. O-O Naxc5 20. Rae1 e5 21. g5
Qd6 22. f6 g6 23. Nf5 gxf5 24. Bxf5 Ne6 25. Kh1 Nf4 26. Rg1 Rfd8 27. Rg4 Nf8
28. Rxf4 exf4 29. Qh3 Ng6 30. Re7 Qxe7 31. fxe7 Re8 32. Bxg6 fxg6 33. Qe6+ Kg7
34. Qe5+ Kf7 35. Kg2 Rac8 36. Qf6+ Kg8 37. h4 f3+ 38. Kg3 Rc4 39. Qe6+ Kg7 40.
Qe5+ 1-0

[Event "Ontario op"]
[Site "Toronto CAN"]
[Date "2022.05.22"]
[Round "4.2"]
[White "Sambuev, Bator"]
[Black "Ghasi, Ameet K"]
[Result "0-1"]
[WhiteElo "2568"]
[BlackElo "2515"]
[PlyCount "120"]
[EventDate "2022.05.21"]
[EventType "swiss"]
[EventRounds "6"]
[EventCountry "CAN"]

1. d4 Nf6 2. c4 g6 3. Nc3 Bg7 4. e4 d6 5. Nf3 O-O 6. Be2 Nbd7 7. Be3 e5 8. d5
Ng4 9. Bg5 f6 10. Bh4 Nh6 11. Qc2 a5 12. O-O-O Nc5 13. Nd2 g5 14. Bg3 f5 15. f3
b6 16. h3 Bd7 17. b3 fxe4 18. fxe4 Rf4 19. Be1 g4 20. g3 Rf7 21. h4 Kh8 22. Nf1
Ng8 23. Bd2 h5 24. Bg5 Bf6 25. Qd2 Qf8 26. Ne3 Qg7 27. Rh2 Raf8 28. Re1 Ne7 29.
Nc2 Qg6 30. Bd1 Bxg5 31. hxg5 Rh7 32. Na3 Rg8 33. Nab5 Qxg5 34. Qxg5 Rxg5 35.
Kd2 Bxb5 36. Nxb5 Ng6 37. Ke3 Kg8 38. Rf1 h4 39. Rg1 h3 40. Rf1 Rf7 41. Rxf7
Kxf7 42. Nxc7 Ke7 43. Nb5 Nf4 44. gxf4 exf4+ 45. Kxf4 g3 46. Rxh3 g2 47. Kxg5
g1=Q+ 48. Bg4 Nxe4+ 49. Kh4 Nf6 50. Re3+ Kf8 51. Bf3 Qh2+ 52. Kg5 Qg3+ 53. Kf5
Ng4 54. Rc3 Ne5 55. Ke4 Qe1+ 56. Kf4 Qd2+ 57. Ke4 Ke7 58. a4 Kf6 59. Re3 Qc2+
60. Kd4 Qf2 0-1

[Event "Ontario op"]
[Site "Toronto CAN"]
[Date "2022.05.22"]
[Round "4.3"]
[White "Derraugh, Geordie"]
[Black "Noritsyn, Nikolay"]
[Result "0-1"]
[WhiteElo "2330"]
[BlackElo "2566"]
[PlyCount "90"]
[EventDate "2022.05.21"]
[EventType "swiss"]
[EventRounds "6"]
[EventCountry "CAN"]

1. e4 e6 2. d4 d5 3. Nc3 Nf6 4. e5 Nfd7 5. Nce2 c5 6. c3 Nc6 7. Nf3 Be7 8. a3
a5 9. h4 a4 10. Rh3 Qa5 11. Bd2 Qb6 12. Rb1 cxd4 13. cxd4 O-O 14. Rg3 f6 15.
Bh6 Rf7 16. exf6 Nxf6 17. Ng5 gxh6 18. Nxf7+ Kxf7 19. Rf3 e5 20. dxe5 Nxe5 21.
Qxd5+ Qe6 22. Qxe6+ Bxe6 23. Re3 Nfg4 24. Rc3 Bc5 25. Nf4 Bxf2+ 26. Ke2 Bc4+
27. Rxc4 Nxc4 28. Rc1 Re8+ 29. Kf3 Nce5+ 30. Ke4 Bb6 31. Bb5 Nc6+ 32. Kf3 Nge5+
33. Kg3 Rg8+ 34. Kh3 Be3 35. Rf1 Bxf4 36. Rxf4+ Ke7 37. Rxa4 Rd8 38. Re4 Ke6
39. Kg3 Rd2 40. Bxc6 bxc6 41. Rb4 c5 42. Rb5 c4 43. a4 Rd5 44. Rb6+ Kf5 45.
Rxh6 Rd3+ 0-1

[Event "Ontario op"]
[Site "Toronto CAN"]
[Date "2022.05.22"]
[Round "4.4"]
[White "Rodrigue-Lemieux, Shawn"]
[Black "Demchenko, Svitlana"]
[Result "1/2-1/2"]
[WhiteElo "2512"]
[BlackElo "2244"]
[PlyCount "72"]
[EventDate "2022.05.21"]
[EventType "swiss"]
[EventRounds "6"]
[EventCountry "CAN"]

1. c4 f5 2. g3 Nf6 3. Bg2 g6 4. Nc3 Bg7 5. d3 O-O 6. e4 fxe4 7. dxe4 d6 8. Nge2
c5 9. O-O Nc6 10. f4 Be6 11. b3 Qd7 12. Qd3 Bh3 13. Be3 Nb4 14. Qb1 Rf7 15. a3
Nc6 16. Qd3 e5 17. fxe5 Nxe5 18. Qc2 Bxg2 19. Kxg2 Re8 20. Rad1 Neg4 21. Bg1
Qc6 22. Nf4 Nxe4 23. Nxe4 Rxe4 24. Nd5 Qe8 25. Qd3 Re2+ 26. Kh1 Rff2 27. h3
Rh2+ 28. Bxh2 Rxh2+ 29. Kg1 Bd4+ 30. Qxd4 cxd4 31. hxg4 Qe2 32. Nf4 Qb2 33. Rb1
Qc2 34. Rbc1 Qb2 35. Rb1 Qc2 36. Rbc1 Qb2 1/2-1/2

[Event "Ontario op"]
[Site "Toronto CAN"]
[Date "2022.05.22"]
[Round "4.5"]
[White "Ouellet, Maili-Jade"]
[Black "Thavandiran, Shiyam"]
[Result "1-0"]
[WhiteElo "2300"]
[BlackElo "2474"]
[PlyCount "67"]
[EventDate "2022.05.21"]
[EventType "swiss"]
[EventRounds "6"]
[EventCountry "CAN"]

1. d4 Nf6 2. c4 d6 3. Nc3 Nbd7 4. e4 e5 5. d5 Nc5 6. f3 a5 7. Be3 Be7 8. Nge2
Nh5 9. Qd2 h6 10. O-O-O Bg5 11. g4 Bxe3 12. Qxe3 Nf6 13. h4 h5 14. g5 Nfd7 15.
Nb5 g6 16. Kb1 O-O 17. Ng3 Nb6 18. Be2 Bd7 19. Rhg1 Bxb5 20. cxb5 Qe7 21. Rg2
Kh7 22. Rdg1 Rg8 23. Bd1 Rab8 24. Ka1 Qd7 25. f4 exf4 26. Qxf4 Qe7 27. Bxh5
gxh5 28. Nf5 Qe5 29. g6+ Rxg6 30. Qg5 Rxg5 31. Rxg5 Qxf5 32. Rxf5 Kh6 33. Rf6+
Kh7 34. Rxf7+ 1-0

[Event "Ontario op"]
[Site "Toronto CAN"]
[Date "2022.05.22"]
[Round "4.6"]
[White "Li, William"]
[Black "Plotkin, Victor"]
[Result "1/2-1/2"]
[WhiteElo "2275"]
[BlackElo "2392"]
[PlyCount "71"]
[EventDate "2022.05.21"]
[EventType "swiss"]
[EventRounds "6"]
[EventCountry "CAN"]

1. e4 e5 2. Nf3 Nf6 3. Nxe5 d6 4. Nf3 Nxe4 5. d4 Be7 6. Bd3 d5 7. O-O O-O 8. c4
c6 9. Nc3 Nxc3 10. bxc3 Bg4 11. Rb1 dxc4 12. Bxc4 b5 13. Bb3 Nd7 14. Bf4 Nf6
15. Qd3 Nd5 16. Bg3 g6 17. Ne5 Bf5 18. Qf3 Rc8 19. Nxc6 Rxc6 20. Bxd5 Rb6 21.
Be4 Bxe4 22. Qxe4 Bf6 23. Rfe1 Qd7 24. Qf3 Rc8 25. a4 Kg7 26. axb5 Rxb5 27. Ra1
Rb3 28. Ra6 Qf5 29. Qxf5 gxf5 30. Rxa7 Rbxc3 31. d5 Rd3 32. d6 Rc4 33. Rc7 Re4
34. Kf1 Rxe1+ 35. Kxe1 Rd4 36. f3 1/2-1/2

[Event "Ontario op"]
[Site "Toronto CAN"]
[Date "2022.05.22"]
[Round "4.7"]
[White "Siegel, Adam"]
[Black "Jaferian, Koosha"]
[Result "0-1"]
[WhiteElo "1858"]
[BlackElo "2333"]
[PlyCount "154"]
[EventDate "2022.05.21"]
[EventType "swiss"]
[EventRounds "6"]
[EventCountry "CAN"]

1. d4 Nf6 2. c4 e6 3. Nf3 b6 4. g3 Ba6 5. b3 Bb4+ 6. Bd2 Be7 7. Bg2 c6 8. O-O
d5 9. Qc2 Nbd7 10. Rd1 O-O 11. Bf4 Rc8 12. Nc3 Nh5 13. Bc1 f5 14. Bb2 Bd6 15.
e3 Nhf6 16. Ne2 Qe7 17. Rac1 Ne4 18. Nf4 Ndf6 19. Ne5 Bxe5 20. dxe5 Nd7 21. Qb1
Rfd8 22. f3 Ng5 23. h4 Nf7 24. e4 fxe4 25. fxe4 dxc4 26. bxc4 Nf8 27. Qc2 Nxe5
28. c5 Nc4 29. Rxd8 Rxd8 30. Qc3 Qxc5+ 31. Kh1 Nxb2 32. Qxb2 Qe3 33. Nh5 e5 34.
Rg1 Rd4 35. Rc1 Qe2 36. Qa3 Rd2 37. Rg1 Bd3 38. Qb3+ Bc4 39. Qc3 Rd4 40. Nf4
Qd2 41. Qxd2 Rxd2 42. Nh3 Bxa2 43. Ng5 Nd7 44. Ra1 Rb2 45. Bh3 Nc5 46. Bf1 Rb1
47. Rxa2 Rxf1+ 48. Kg2 Rf8 49. Rxa7 h6 50. Nf3 Nxe4 51. Nxe5 Rc8 52. Ng6 Kh7
53. Ne7 Rd8 54. Nxc6 Rd3 55. Rb7 Rxg3+ 56. Kh2 Rg4 57. Rxb6 Rxh4+ 58. Kg2 Rg4+
59. Kh2 Rg6 60. Rb4 Rxc6 61. Rxe4 g5 62. Kg3 Kg6 63. Re8 Rc3+ 64. Kg2 h5 65.
Re5 h4 66. Ra5 Kh5 67. Ra4 Rc2+ 68. Kh1 h3 69. Rb4 g4 70. Rb3 Kh4 71. Rb4 Re2
72. Ra4 Kg3 73. Ra3+ Kf4 74. Ra4+ Re4 75. Ra8 Kf3 76. Rf8+ Kg3 77. Rf1 Kh4 0-1

[Event "Ontario op"]
[Site "Toronto CAN"]
[Date "2022.05.22"]
[Round "4.8"]
[White "Teodoro, Eduardo"]
[Black "Preotu, Razvan"]
[Result "0-1"]
[WhiteElo "2334"]
[BlackElo "2629"]
[PlyCount "94"]
[EventDate "2022.05.21"]
[EventType "swiss"]
[EventRounds "6"]
[EventCountry "CAN"]

1. e4 c5 2. Nf3 d6 3. d4 cxd4 4. Nxd4 Nf6 5. Nc3 a6 6. a4 e5 7. Nf3 Be7 8. Be2
h6 9. O-O O-O 10. b3 Be6 11. Re1 Nc6 12. Bf1 Qa5 13. Bd2 Qc7 14. h3 Rad8 15. a5
d5 16. exd5 Nxd5 17. Qc1 Ndb4 18. Na2 Nxa2 19. Rxa2 Bd5 20. Nh2 f5 21. Ra4 Qd6
22. Bc3 e4 23. Rd1 Qg6 24. Rxd5 Rxd5 25. Bc4 Rfd8 26. Nf1 Kh7 27. Bxd5 Rxd5 28.
Qf4 Bd6 29. Qe3 Rc5 30. Rc4 f4 31. Qd2 Rg5 32. g4 fxg3 33. fxg3 Bxg3 34. Nxg3
Rxg3+ 35. Kh2 Rf3 36. Qg2 Qd6+ 37. Kh1 Qd1+ 38. Kh2 Qd6+ 39. Kh1 Ne5 40. Qe2
Rxh3+ 41. Kg2 Ng6 42. Qg4 Qh2+ 43. Kf1 Rf3+ 44. Ke1 Qh1+ 45. Kd2 e3+ 46. Kd3
Qf1+ 47. Ke4 Rf4+ 0-1

[Event "Ontario op"]
[Site "Toronto CAN"]
[Date "2022.05.22"]
[Round "4.9"]
[White "Li, Yunshan"]
[Black "Han, Johnathan"]
[Result "1/2-1/2"]
[WhiteElo "2262"]
[BlackElo "2234"]
[PlyCount "134"]
[EventDate "2022.05.21"]
[EventType "swiss"]
[EventRounds "6"]
[EventCountry "CAN"]

1. d4 Nf6 2. c4 e6 3. g3 d5 4. Bg2 Be7 5. Nf3 O-O 6. Qc2 c6 7. O-O b6 8. b3 Bb7
9. Nc3 Nbd7 10. Rd1 Rc8 11. e4 dxe4 12. Nxe4 Nxe4 13. Qxe4 Nf6 14. Qc2 h6 15.
a3 Bd6 16. b4 Qe7 17. Bb2 Rfd8 18. Nd2 Bb8 19. Ne4 Nxe4 20. Qxe4 Rd7 21. c5 Ba6
22. Rac1 Bb5 23. Qc2 Rdc7 24. a4 Ba6 25. Ba3 Bb7 26. b5 Qd7 27. Qb3 Rd8 28. a5
bxa5 29. b6 Rcc8 30. Qa4 Ba6 31. Qxa5 Bb5 32. Qc3 Qb7 33. bxa7 Qxa7 34. Bb2 f6
35. Qb3 Re8 36. Re1 Qa4 37. Qc3 Qa7 38. Re3 Qd7 39. Qb3 Re7 40. f4 Kh8 41. Rce1
Rce8 42. Be4 f5 43. Bf3 Kh7 44. Qc3 Bc7 45. Qb3 Ba5 46. Ra1 Bd8 47. Rae1 Ba5
48. Ra1 Bd8 49. Bh5 g6 50. Bf3 Rf7 51. Rae1 Bf6 52. d5 cxd5 53. Bxd5 Bxb2 54.
Qxb2 Qxd5 55. Qxb5 Rc8 56. Rxe6 Qxc5+ 57. Qxc5 Rxc5 58. Re7 Kg7 59. Rxf7+ Kxf7
60. Re2 Rc3 61. Kf2 g5 62. fxg5 hxg5 63. Ra2 Rb3 64. Ra7+ Kf6 65. Ra6+ Kf7 66.
Ra7+ Kf6 67. Ra6+ Kf7 1/2-1/2

[Event "Ontario op"]
[Site "Toronto CAN"]
[Date "2022.05.22"]
[Round "4.10"]
[White "Kasturi, M."]
[Black "Talukdar, Rohan"]
[Result "0-1"]
[WhiteElo "2106"]
[BlackElo "2454"]
[PlyCount "76"]
[EventDate "2022.05.21"]
[EventType "swiss"]
[EventRounds "6"]
[EventCountry "CAN"]

1. e4 c5 2. c3 Nf6 3. e5 Nd5 4. d4 cxd4 5. cxd4 d6 6. exd6 Qxd6 7. Nf3 Nc6 8.
Be2 Bg4 9. O-O e6 10. Nc3 Be7 11. Re1 O-O 12. Ne4 Qc7 13. Bg5 Rfd8 14. Bxe7
Ndxe7 15. Rc1 Nf5 16. Qd2 Bxf3 17. Bxf3 Nfxd4 18. Qg5 Nxf3+ 19. gxf3 h6 20. Qg2
Qe7 21. Kh1 Rd5 22. Rg1 g6 23. f4 Rad8 24. Qh3 Kg7 25. Qc3+ Rd4 26. Rg3 e5 27.
Re1 exf4 28. Rgg1 Qe5 29. Nc5 Qd5+ 30. f3 Kh7 31. Ne4 Qc4 32. Nf6+ Kg7 33. Nh5+
Kf8 34. Qxc4 Rxc4 35. Nf6 Rc2 36. Rg2 Rxg2 37. Kxg2 Rd2+ 38. Kh3 Rxb2 0-1

[Event "Ontario op"]
[Site "Toronto CAN"]
[Date "2022.05.22"]
[Round "4.11"]
[White "Burtasova, Anna"]
[Black "Huang, Youhe"]
[Result "1-0"]
[WhiteElo "2274"]
[BlackElo "2184"]
[PlyCount "117"]
[EventDate "2022.05.21"]
[EventType "swiss"]
[EventRounds "6"]
[EventCountry "CAN"]

1. e4 e6 2. d4 d5 3. e5 c5 4. c3 Nc6 5. Nf3 Bd7 6. a3 Nge7 7. b4 cxd4 8. cxd4
Nf5 9. Be3 Nxe3 10. fxe3 Rc8 11. Bd3 g6 12. O-O Bh6 13. Qe1 O-O 14. Nc3 f6 15.
exf6 Qxf6 16. b5 Na5 17. Ne5 Qe7 18. Rxf8+ Rxf8 19. Nd1 b6 20. Qb4 Qd8 21. Qd6
Bc8 22. Qxd8 Rxd8 23. Rc1 Bb7 24. Kf2 Bf8 25. a4 Bd6 26. Nf3 Rc8 27. Rxc8+ Bxc8
28. Ke2 Nb3 29. Bc2 Na5 30. Nf2 a6 31. Bd3 Nc4 32. Ng4 axb5 33. axb5 h5 34.
Nge5 Nxe5 35. dxe5 Bc5 36. Bxg6 Bd7 37. Bd3 Kg7 38. Nd2 h4 39. Kf3 Kh6 40. Kf4
Be7 41. Nf3 Kh5 42. Be2 Bf8 43. Nd4+ Kg6 44. Kg4 Be7 45. Nf3 Bc5 46. Nxh4+ Kh6
47. Kf4 Be7 48. Nf3 Be8 49. Bd3 Bd7 50. g4 Be8 51. h4 Bf7 52. g5+ Kh5 53. Kg3
Bc5 54. Nd4 Bb4 55. Be2+ Kg6 56. Kg4 Bd2 57. h5+ Kg7 58. Kf4 Bc1 59. Bg4 1-0

[Event "Ontario op"]
[Site "Toronto CAN"]
[Date "2022.05.22"]
[Round "4.12"]
[White "Barron, Michael"]
[Black "Pramanik, Projjwal"]
[Result "1-0"]
[WhiteElo "2234"]
[BlackElo "2071"]
[PlyCount "109"]
[EventDate "2022.05.21"]
[EventType "swiss"]
[EventRounds "6"]
[EventCountry "CAN"]

1. e4 Nf6 2. e5 Nd5 3. d4 d6 4. c4 Nb6 5. exd6 exd6 6. Nc3 Be7 7. Be3 Nc6 8.
Be2 O-O 9. d5 Ne5 10. b3 h6 11. f4 Ng6 12. Nf3 Bf6 13. Qd2 Re8 14. Bd4 Bg4 15.
O-O Nd7 16. Rae1 a6 17. h3 Bxf3 18. Bxf3 Bxd4+ 19. Qxd4 Qf6 20. Qxf6 Nxf6 21.
g3 Kf8 22. Kf2 Rxe1 23. Rxe1 Re8 24. Rxe8+ Kxe8 25. b4 b6 26. Ke3 Ne7 27. g4
Nd7 28. Be4 g6 29. Bd3 Ng8 30. Kd4 Ke7 31. Na4 Ngf6 32. c5 dxc5+ 33. bxc5 bxc5+
34. Nxc5 a5 35. Nb7 a4 36. Bb5 Nb6 37. Bc6 g5 38. fxg5 hxg5 39. a3 Nfd7 40. Nc5
Nxc5 41. Kxc5 Nd7+ 42. Kb4 Nb6 43. Bxa4 Kd6 44. Bb3 Nxd5+ 45. Bxd5 Kxd5 46. a4
Kd4 47. a5 c5+ 48. Ka3 Kd5 49. Kb3 Kd4 50. a6 Kd3 51. a7 c4+ 52. Kb2 Kd2 53.
a8=Q c3+ 54. Kb3 c2 55. Qg2+ 1-0

[Event "Ontario op"]
[Site "Toronto CAN"]
[Date "2022.05.22"]
[Round "4.13"]
[White "Abrahams, Daniel"]
[Black "Gavrilin, Roman"]
[Result "1/2-1/2"]
[WhiteElo "2226"]
[BlackElo "2066"]
[PlyCount "35"]
[EventDate "2022.05.21"]
[EventType "swiss"]
[EventRounds "6"]
[EventCountry "CAN"]

1. Nf3 Nf6 2. g3 b6 3. Bg2 Bb7 4. c4 e6 5. O-O c5 6. Nc3 Be7 7. b3 O-O 8. Bb2
d5 9. cxd5 Nxd5 10. Nxd5 Bxd5 11. Qc2 Bf6 12. Bxf6 Qxf6 13. Qc3 Nd7 14. Rac1
Rfd8 15. d3 Rac8 16. Qxf6 Nxf6 17. Nd2 Bxg2 18. Kxg2 1/2-1/2

[Event "Ontario op"]
[Site "Toronto CAN"]
[Date "2022.05.22"]
[Round "4.14"]
[White "Malakhovets, Sergey"]
[Black "Gao, Raymond"]
[Result "0-1"]
[WhiteElo "2198"]
[BlackElo "2058"]
[PlyCount "122"]
[EventDate "2022.05.21"]
[EventType "swiss"]
[EventRounds "6"]
[EventCountry "CAN"]

1. d4 Nf6 2. Nf3 c5 3. d5 b5 4. e4 Nxe4 5. Bd3 Nd6 6. O-O g6 7. Bf4 Qb6 8. Re1
Bg7 9. Qe2 e6 10. Be5 O-O 11. Bxg7 Kxg7 12. dxe6 fxe6 13. Qe5+ Kg8 14. Nc3 Bb7
15. Rad1 Bxf3 16. gxf3 Nf5 17. Qe4 Nd4 18. Re3 Nbc6 19. Kg2 Ne7 20. Qg4 Nef5
21. Bxf5 Rxf5 22. Ne2 Qd8 23. Ng3 Rf7 24. c3 Nf5 25. Nxf5 Rxf5 26. h4 Qe7 27.
Rh1 Raf8 28. Rh3 Rf4 29. Qg5 Qxg5+ 30. hxg5 R8f5 31. Rg3 Kf7 32. Kf1 d5 33. Ke2
e5 34. Rg2 a5 35. Rh2 Kg7 36. Rd3 d4 37. cxd4 exd4 38. Ra3 a4 39. Rh3 Rxg5 40.
b3 Re5+ 41. Kd2 axb3 42. axb3 h5 43. Ra7+ Kh6 44. Ra6 c4 45. bxc4 bxc4 46. Rd6
d3 47. Rg3 Rg5 48. Ke3 Rf7 49. f4 Re7+ 50. Kd4 Rxg3 51. fxg3 Rc7 52. Kc3 Rc5
53. Rd7 Rc6 54. Rd5 Kg7 55. Rd8 Kf6 56. Rd5 Rc7 57. Rd6+ Kf5 58. Rd5+ Ke4 59.
Re5+ Kf3 60. f5 Rd7 61. fxg6 d2 0-1

[Event "Ontario op"]
[Site "Toronto CAN"]
[Date "2022.05.23"]
[Round "5.1"]
[White "Ghasi, Ameet K"]
[Black "Plotkin, Mark"]
[Result "1-0"]
[WhiteElo "2515"]
[BlackElo "2528"]
[PlyCount "71"]
[EventDate "2022.05.21"]
[EventType "swiss"]
[EventRounds "6"]
[EventCountry "CAN"]

1. b3 e5 2. Bb2 Nc6 3. c4 g6 4. e3 Bg7 5. Nf3 f5 6. d4 e4 7. Ng1 Nce7 8. Nh3 d5
9. Nf4 Nf6 10. h4 O-O 11. Nc3 c6 12. a4 Rf7 13. Be2 dxc4 14. bxc4 h6 15. Qb3 g5
16. hxg5 hxg5 17. Nh5 Bh8 18. Rd1 Qb6 19. Qc2 Be6 20. Nxf6+ Bxf6 21. g4 Qb4 22.
gxf5 Nxf5 23. Rd2 Bxc4 24. Nxe4 Bb3 25. Nxf6+ Rxf6 26. Qd3 Bxa4 27. d5 Bb5 28.
Rh8+ Kf7 29. Bh5+ Ke7 30. Ba3 Rxh8 31. Bxb4+ Kd8 32. Qc3 Rfh6 33. dxc6+ Kc8 34.
cxb7+ Kxb7 35. Bf3+ Kb8 36. Qe5+ 1-0

[Event "Ontario op"]
[Site "Toronto CAN"]
[Date "2022.05.23"]
[Round "5.2"]
[White "Jaferian, Koosha"]
[Black "Ouellet, Maili-Jade"]
[Result "1-0"]
[WhiteElo "2333"]
[BlackElo "2300"]
[PlyCount "133"]
[EventDate "2022.05.21"]
[EventType "swiss"]
[EventRounds "6"]
[EventCountry "CAN"]

1. e4 c5 2. Nf3 Nf6 3. e5 Nd5 4. Nc3 e6 5. Bc4 Nb6 6. d3 d5 7. exd6 Bxd6 8.
Bb5+ N8d7 9. Ne4 Be7 10. d4 O-O 11. O-O a6 12. Be2 Qc7 13. c3 Rd8 14. Qc2 h6
15. Rd1 Nd5 16. dxc5 Nxc5 17. Nxc5 Bxc5 18. c4 Bd7 19. a3 Be7 20. Qe4 Nf6 21.
Qf4 Qxf4 22. Bxf4 Ba4 23. Rxd8+ Rxd8 24. b4 Ne4 25. Be5 f6 26. Bb2 e5 27. c5
Kf8 28. Re1 g6 29. h3 Ng5 30. Bc3 Ne6 31. Bc4 Nd4 32. Nxd4 exd4 33. Bd2 g5 34.
Bd3 Bc6 35. f4 Rd7 36. Bf5 Rc7 37. Bc1 Bd7 38. Bb1 Ba4 39. Bf5 Bd7 40. Bd3 f5
41. Bb2 Bf6 42. Bc4 Bc6 43. Bd3 Be4 44. fxg5 hxg5 45. Bxe4 Re7 46. Rf1 Rxe4 47.
Rxf5 Ke7 48. Rd5 Be5 49. Kf2 Ke6 50. Rd8 Re3 51. Bxd4 Bxd4 52. Re8+ Kd5 53.
Rxe3 Kc4 54. Ke2 Bxe3 55. Kxe3 Kb3 56. g3 Kxa3 57. h4 gxh4 58. gxh4 Kxb4 59. h5
Kxc5 60. h6 b5 61. h7 a5 62. h8=Q Kb4 63. Kd3 Ka3 64. Qa1+ Kb4 65. Qc3+ Ka4 66.
Qb2 b4 67. Kc4 1-0

[Event "Ontario op"]
[Site "Toronto CAN"]
[Date "2022.05.23"]
[Round "5.3"]
[White "Noritsyn, Nikolay"]
[Black "Sambuev, Bator"]
[Result "1-0"]
[WhiteElo "2566"]
[BlackElo "2568"]
[PlyCount "125"]
[EventDate "2022.05.21"]
[EventType "swiss"]
[EventRounds "6"]
[EventCountry "CAN"]

1. e4 e6 2. d4 d5 3. e5 c5 4. c3 Nc6 5. Nf3 Qb6 6. Bd3 cxd4 7. O-O Bd7 8. Nbd2
Nge7 9. Re1 dxc3 10. bxc3 Ng6 11. Nb3 Be7 12. Nbd4 O-O 13. h4 Nxd4 14. cxd4
Rfc8 15. Rb1 Qc7 16. h5 Nf8 17. Nh2 a6 18. Qg4 Bb5 19. Bh6 g6 20. hxg6 hxg6 21.
Rb3 Bxd3 22. Rxd3 Qc2 23. Rf3 Rc4 24. Nf1 Nh7 25. Qf4 Qf5 26. Qh2 Qg4 27. Rh3
f6 28. Ne3 Qe4 29. Rh4 Qd3 30. Nxc4 dxc4 31. Bg5 Nxg5 32. Rh8+ Kg7 33. Rxa8 Nf7
34. Qf4 f5 35. Qf3 Qxd4 36. Qxb7 Bc5 37. Rf1 Qxe5 38. Rxa6 Kf6 39. Qc8 Bd6 40.
g3 Qd5 41. Qa8 Qd4 42. Kg2 c3 43. Rc1 Qd2 44. Rxd6 Qxc1 45. Rc6 Qd2 46. Rc5 c2
47. Qa3 e5 48. Qc3 c1=Q 49. Qxc1 Qxa2 50. Rc6+ Kg7 51. Qc5 Qa4 52. Qd5 Qa7 53.
Qe6 Qb7 54. Qxg6+ Kf8 55. Kh2 f4 56. gxf4 exf4 57. Rf6 f3 58. Qh6+ Ke8 59. Qe3+
Kf8 60. Qxf3 Qc7+ 61. Qf4 Qd7 62. Rxf7+ Qxf7 63. Kg3 1-0

[Event "Ontario op"]
[Site "Toronto CAN"]
[Date "2022.05.23"]
[Round "5.4"]
[White "Preotu, Razvan"]
[Black "Demchenko, Svitlana"]
[Result "1-0"]
[WhiteElo "2629"]
[BlackElo "2244"]
[PlyCount "75"]
[EventDate "2022.05.21"]
[EventType "swiss"]
[EventRounds "6"]
[EventCountry "CAN"]

1. e4 e5 2. Nf3 Nc6 3. Bc4 Nf6 4. d3 h6 5. c3 d6 6. a4 a6 7. Qb3 Qe7 8. a5 g6
9. O-O Bg7 10. Re1 O-O 11. d4 Nh5 12. Be3 Kh8 13. Nbd2 f5 14. dxe5 dxe5 15. Qa3
Qe8 16. Bc5 Rf6 17. exf5 gxf5 18. Nxe5 Nxe5 19. Bd4 Rc6 20. Bxe5 Be6 21. Bd5
Bxd5 22. Bxg7+ Nxg7 23. Rxe8+ Rxe8 24. c4 Bf7 25. b3 Bh5 26. Qb4 Rce6 27. Nf1
b6 28. Ne3 Rg6 29. axb6 Rxb6 30. Qc3 Kh7 31. Nd5 Rg6 32. Nf6+ Rxf6 33. Qxf6 Re6
34. Qc3 Rg6 35. Re1 Ne6 36. Qd2 f4 37. Rxe6 Rxe6 38. Qd7+ 1-0

[Event "Ontario op"]
[Site "Toronto CAN"]
[Date "2022.05.23"]
[Round "5.5"]
[White "Plotkin, Victor"]
[Black "Rodrigue-Lemieux, Shawn"]
[Result "1-0"]
[WhiteElo "2392"]
[BlackElo "2512"]
[PlyCount "147"]
[EventDate "2022.05.21"]
[EventType "swiss"]
[EventRounds "6"]
[EventCountry "CAN"]

1. Nf3 d5 2. d4 Nf6 3. c4 e6 4. Nc3 Bb4 5. e3 O-O 6. a3 Bxc3+ 7. bxc3 c5 8. Bd3
Qc7 9. Qc2 b6 10. cxd5 exd5 11. O-O Ba6 12. Bxa6 Nxa6 13. Qd3 c4 14. Qf5 Rfe8
15. Re1 Qd7 16. Qc2 Ne4 17. Ne5 Qe6 18. f3 Nec5 19. Bd2 Nb3 20. Rad1 Nac5 21.
Re2 f6 22. Nxc4 dxc4 23. dxc5 bxc5 24. e4 Rad8 25. Bf4 Rd7 26. Rde1 Rd3 27. Re3
Rd2 28. Qb1 Red8 29. R3e2 R2d3 30. Qc2 a5 31. h3 a4 32. Kh1 g5 33. Bg3 Rd2 34.
Rxd2 Rxd2 35. Qb1 Rd3 36. Qc2 Rd2 37. Qb1 Qd7 38. e5 Qd3 39. exf6 Qxb1 40. Rxb1
Kf7 41. Re1 Kxf6 42. h4 h6 43. h5 Ra2 44. Be5+ Kf7 45. Bd6 Rxa3 46. Re7+ Kg8
47. Re8+ Kf7 48. Re7+ Kf6 49. Rh7 Ra1+ 50. Kh2 a3 51. Rxh6+ Kf7 52. Rh7+ Ke6
53. Bf8 Rd1 54. Ra7 Rd8 55. Bg7 Rd7 56. Ra6+ Kf7 57. h6 Nd2 58. Rxa3 Nf1+ 59.
Kh3 Kg6 60. Ra6+ Kh7 61. Re6 Rd3 62. Re7 Kg6 63. Re6+ Kh7 64. Kg4 Rd2 65. g3
Rd5 66. Re2 Kg6 67. Re6+ Kh7 68. Re2 Kg6 69. f4 gxf4 70. gxf4 Rd3 71. f5+ Kf7
72. Be5 Ne3+ 73. Rxe3 Rxe3 74. h7 1-0